| 000 | 00575nam a2200241Ia 4500 | ||
|---|---|---|---|
| 008 | 210210b1964 xxu||||| |||| 00| 0 eng d | ||
| 041 | _aeng | ||
| 082 | _a320/2 | ||
| 100 | _aBHAVE (Acharya Venoba) | ||
| 245 |
_aRevolutionary sarvodaya _bPhilosophy for the remaking of man |
||
| 260 |
_aBombay _bNot Mentioned _c1964 |
||
| 300 | _ax,54 | ||
| 650 | _athe | ||
| 650 | _asarvodaya | ||
| 650 | _aRevolutionary | ||
| 650 | _aremaking | ||
| 650 | _aPhilosophy | ||
| 650 | _aof | ||
| 650 | _aman | ||
| 650 | _afor | ||
| 690 | _aPolitical Science | ||
| 906 | _a001761 | ||
| 999 |
_c116686 _d116686 |
||